|
|
|
|
| LEADER |
00000nam0a2200000 4500 |
| 001 |
291553 |
| 005 |
20231102000412.0 |
| 010 |
|
|
|a 9785991656412
|
| 035 |
|
|
|a (RuTPU)RU\TPU\book\316131
|
| 090 |
|
|
|a 291553
|
| 100 |
|
|
|a 20150415d2016 m y0rusy50 ca
|
| 101 |
0 |
|
|a rus
|
| 102 |
|
|
|a RU
|
| 105 |
|
|
|a a j 001zy
|
| 200 |
1 |
|
|a Экология
|e учебник и практикум для академического бакалавриата
|f под ред. О. Е. Кондратьевой
|
| 210 |
|
|
|a Москва
|c Юрайт
|d 2016
|
| 215 |
|
|
|a 284 с.
|c ил.
|
| 225 |
1 |
|
|a Бакалавр. Академический курс
|
| 320 |
|
|
|a Библиогр.: с. 281-283.
|
| 330 |
|
|
|a В учебнике излагаются фундаментальные понятия современной экологии, рассматриваются основные загрязнители окружающей среды и проблемы ее охраны, освещаются вопросы сохранения качества окружающей среды и рационального природопользования. Особое внимание уделяется анализу современных методов очистки промышленных выбросов и сбросов, технических методов обращения с отходами производства и потребления, а также нормативно-правовым и экономическим рычагам управления экологической безопасностью и экологическому мониторингу.Содержание учебника соответствует актуальным требованиям Федерального государственного образовательного стандарта высшего образования.Книга предназначена для студентов технических вузов, также может быть полезна специалистам по охране окружающей среды и природопользованию.
|
| 606 |
1 |
|
|a Экология в целом
|2 stltpush
|3 (RuTPU)RU\TPU\subj\39023
|9 59264
|
| 610 |
1 |
|
|a экологическая безопасность
|
| 610 |
1 |
|
|a управление
|
| 610 |
1 |
|
|a загрязнение
|
| 610 |
1 |
|
|a загрязняющие вещества
|
| 610 |
1 |
|
|a окружающая среда
|
| 610 |
1 |
|
|a нормирование
|
| 610 |
1 |
|
|a промышленные выбросы
|
| 610 |
1 |
|
|a очистка
|
| 610 |
1 |
|
|a сточные воды
|
| 610 |
1 |
|
|a отходы
|
| 610 |
1 |
|
|a переработка
|
| 610 |
1 |
|
|a утилизация
|
| 610 |
1 |
|
|a экологический мониторинг
|
| 610 |
1 |
|
|a учебники
|
| 610 |
1 |
|
|a практикумы
|
| 675 |
|
|
|a 504(075.8)
|v 4
|
| 702 |
|
1 |
|a Кондратьева
|b О. Е.
|g Ольга Евгеньевна
|4 340
|
| 801 |
|
1 |
|a RU
|b 63413507
|c 20150415
|
| 801 |
|
2 |
|a RU
|b 63413507
|c 20170123
|g RCR
|
| 900 |
|
|
|a Экология
|
| 942 |
|
|
|c BK
|
| 951 |
|
|
|l 8.1
|
| 959 |
|
|
|a 6/20150130
|d 3
|e 519,00
|f ЧЗТЛ:1
|f УФ:2
|
| 959 |
|
|
|a 104/20150825
|d 5
|e 539,00
|f ЧЗТЛ:1
|f УФ:4
|
| 959 |
|
|
|a 153/20151214
|d 3
|e 539,00
|f ЧЗТЛ:1
|f УФ:2
|